[Event "SLO-ch U14"]
[Site "Rogaska Slatina"]
[Date "2010.02.23"]
[Round "6"]
[White "Zaloznik S, Domen"]
[Black "Debeljak, Vid"]
[Result "1-0"]
[WhiteElo "1554"]
[BlackElo "1528"]
[PlyCount "51"]
[EventDate "2010.02.21"]
[EventType "swiss"]
[EventRounds "9"]
[EventCountry "SLO"]
[SourceTitle "EXT 2015"]
[Source "ChessBase"]
[SourceDate "2014.11.20"]
[SourceVersion "1"]
[SourceVersionDate "2014.11.20"]
[SourceQuality "1"]

1. e4 e5 2. d4 exd4 3. Nf3 Nc6 4. Bc4 Qf6 5. 0-0 d6 6. Bg5 Qg6 7. Re1 Be7 8. Bxe7 Ngxe7 9. Kh1 Bg4 10. h3 Bxf3 11. Qxf3 Ne5 12. Qb3 Nxc4 13. Qxc4 c5 14. Qb5+ Kd8 15. Qxb7 Rc8 16. Qxa7 Nc6 17. Qb6+ Kd7 18. Nd2 Rb8 19. Qa6 Rxb2 20. Nf3 Rxc2 21. Qb7+ Ke6 22. Qxc6 Rxf2 23. Qd5+ Ke7 24. Nh4 Qf6 25. e5 dxe5 26. Rxe5+ 1-0

[Event "SLO-chT2 West"]
[Site "Kranj"]
[Date "2008.10.17"]
[Round "5.6"]
[White "Debeljak, Vid"]
[Black "Hrovat, Katja"]
[Result "1-0"]
[WhiteElo "1500"]
[BlackElo "1506"]
[PlyCount "139"]
[EventDate "2008.10.11"]
[EventType "team-swiss"]
[EventRounds "9"]
[EventCountry "SLO"]
[SourceTitle "EXT 2010"]
[Source "ChessBase"]
[SourceDate "2010.11.25"]
[SourceVersion "1"]
[SourceVersionDate "2010.11.25"]
[SourceQuality "1"]
[WhiteTeam "Kranj Tomo Zupan"]
[BlackTeam "Komenda Pogi"]
[WhiteTeamCountry "SLO"]
[BlackTeamCountry "SLO"]

1. e4 e5 2. Nf3 Nc6 3. Bc4 Bc5 4. d3 Nf6 5. Nc3 d6 6. h3 h6 7. a3 Be6 8. Nd5 a6 9. Bd2 Bxd5 10. exd5 Nd4 11. c3 Nf5 12. 0-0 0-0 13. Qc2 Qd7 14. Ba2 c6 15. Bb1 Nxd5 16. d4 exd4 17. cxd4 Bb6 18. Qxf5 Qxf5 19. Bxf5 c5 20. Be4 Nf6 21. dxc5 Bxc5 22. Bxb7 Ra7 23. Bc6 Rc7 24. Ba4 Nd5 25. Rac1 Nb6 26. Ba5 Rfc8 27. Bxb6 Bxb6 28. Rxc7 Rxc7 29. Re1 Rc8 30. Re8+ Rxe8 31. Bxe8 d5 32. Ne5 d4 33. Bxf7+ Kh7 34. Bc4 a5 35. a4 Bc7 36. Nc6 Kg6 37. Nxd4 Kf6 38. b3 g5 39. g4 Be5 40. Nc6 Bc7 41. b4 axb4 42. Nxb4 Bd6 43. Nc6 Bf4 44. a5 Bc7 45. a6 Bb6 46. a7 Bxa7 47. Nxa7 Ke5 48. Kg2 Kf4 49. Nb5 Ke4 50. Nd6+ Kf4 51. Nf7 Ke4 52. Nxh6 Kf4 53. Nf7 Ke4 54. Nxg5+ Kf4 55. f3 Kxg5 56. Kg3 Kg6 57. Kf4 Kf6 58. h4 Kg6 59. Bd3+ Kf6 60. g5+ Kg7 61. h5 Kf7 62. h6 Kg8 63. Kf5 Kh7 64. Kf6+ Kg8 65. h7+ Kh8 66. Bc4 Kxh7 67. g6+ Kh6 68. g7 Kh5 69. g8Q Kh4 70. Qg4# 1-0

[Event "SLO-chT2 West"]
[Site "Kranj"]
[Date "2008.10.11"]
[Round "1.5"]
[White "Debeljak, Vid"]
[Black "Suc, Timothy"]
[Result "0-1"]
[WhiteElo "1500"]
[BlackElo "1900"]
[PlyCount "86"]
[EventDate "2008.10.11"]
[EventType "team-swiss"]
[EventRounds "9"]
[EventCountry "SLO"]
[SourceTitle "EXT 2010"]
[Source "ChessBase"]
[SourceDate "2010.11.25"]
[SourceVersion "1"]
[SourceVersionDate "2010.11.25"]
[SourceQuality "1"]
[WhiteTeam "Kranj Tomo Zupan"]
[BlackTeam "Piran"]
[WhiteTeamCountry "SLO"]
[BlackTeamCountry "SLO"]

1. e4 c5 2. Nf3 g6 3. Bc4 Bg7 4. d3 Nc6 5. Ng5 e6 6. Nf3 Nge7 7. 0-0 0-0 8. c3 d5 9. exd5 exd5 10. Bb5 a6 11. Bxc6 Nxc6 12. h3 d4 13. c4 Bf5 14. Qc2 Nb4 15. Qd1 Nxd3 16. a3 Re8 17. Bg5 Qb6 18. b3 h6 19. Nh4 Be4 20. f3 hxg5 21. fxe4 Nf4 22. Qg4 Ne6 23. Nf3 Qxb3 24. Nbd2 Qe3+ 25. Kh1 Qf4 26. Qxf4 gxf4 27. Nh2 b5 28. a4 Rab8 29. axb5 axb5 30. cxb5 Rxb5 31. Nc4 Rb4 32. Nd2 c4 33. Rfc1 c3 34. Ndf3 Nc5 35. Ra2 Nxe4 36. Ng4 f5 37. Nf2 Nxf2+ 38. Rxf2 d3 39. Kh2 Rb2 40. Rff1 Ree2 41. Nd4 Rxg2+ 42. Kh1 Rh2+ 43. Kg1 Rbg2# 0-1